Regiões Da Áustria - Statistics

Estatísticas Gerais
  • Esse quiz foi jogado 26 vezes
  • A pontuação média é 7 de 9
Estatísticas das Respostas
Imagem Resposta % Correto
Baixa Áustria
83%
Burgenland
83%
Caríntia
83%
Tirol
83%
Viena
83%
Alta Áustria
67%
Estíria
67%
Salzburgo
67%
Voralberg
33%
Nenhum quiz correspondente encontrado
Distribuição das Pontuações
Porcentagem de Pessoas com Cada Pontuação
Percentil de Números Respondidos
Sua Pontuação Histórica
Você não jogou esse quiz